Top 10 Most Viewed Asian Countries on Wikipedia - Statistics

General Stats
  • This quiz has been taken 773 times
  • The average score is 8 of 10
Answer Stats
Views Country % Correct
86 m China
100%
83 m Japan
99%
139 m India
97%
52 m Indonesia
86%
57 m Pakistan
84%
50 m North Korea
82%
59 m Philippines
73%
54 m Turkey
73%
67 m Israel
71%
68 m Singapore
69%
No matching quizzes found
Score Distribution
Percent of People with Each Score
Percentile by Number Answered
Your Score History
You have not taken this quiz